Participación y compromiso social /

Guardado en:
Autor Corporativo: Canal Encuentro.
Formato: Deslizar
Materias:
Etiquetas: Agregar Etiqueta
Sin Etiquetas, Sea el primero en etiquetar este registro!
LEADER 00868ngm a22002295g 4500
001 CEM.cems022933
008 130507b2009##################0###0#####d
005 20241127135917.0
245 1 0 |a Participación y compromiso social /  |c Canal Encuentro. 
500 |a En soporte VHS, consultar en ventanilla. 
505 0 |a Los jóvenes y los espacios de participación. El compromiso social de los jóvenes. La opinión de los jóvenes argentinos. La militancia política. 
538 |a Soporte: VHS - Norma: Pal N - Color: Si - Grabación DRD 2009 - Hitachi=4500 
110 2 |a Canal Encuentro. 
082 3 0 |/ MEJ-1 
653 |a SOCIEDAD 
653 |a CULTURA 
653 |a POLITICA 
653 |a JOVENES 
653 |a MILITANCIA POLITICA 
653 |a NIVEL PRIMARIO 
653 |a NIVEL SECUNDARIO 
859 |a CEMS  |b BIB. CEMS - Depto. Recursos Didacticos  |h 301  |i MEJ-1  |k DRD  |p 1576.12  |t Ej.1